Представление документа в формате RUSMARC

Поле Инд. ПП Название Значение
Тип записи a
Библиографический уровень a
001 Контрольный номер 1edadd71126b4b7fbcea8756434673d5
005 Дата корректировки 20190610132752.3
100 a Данные общей обработки 20190610 ||| 0rusy0189 ca
101 0_ a Язык текста rus
102 a Страна публикации RU
200 1_ f Первые сведения об ответственности С. Карасев
a Заглавие Оспаривание вступивших в законную силу постановлений по делам об административных правонарушениях
b Общее обозначение материала Текст
210 1_ d Дата издания 2019
461 _0 1 2000
a Законность
463 _0 1 2000
a № 5
v С. 11-13
1 2101
d 2019
1 001352f5dbcb0ae4bb8ab2b9bfa4862d9de
606 a Основная рубрика Гражданское процессуальное право
610 0_ a Ключевые слова АДМИНИСТРАТИВНЫЕ ПРАВОНАРУШЕНИЯ
a Ключевые слова АДМИНИСТРАТИВНЫЙ ПРОЦЕСС
a Ключевые слова АВТОМОБИЛЬНЫЙ ТРАНСПОРТ
a Ключевые слова ОБЖАЛОВАНИЕ ДЕЙСТВИЙ И РЕШЕНИЙ
a Ключевые слова ПРОКУРОРСКИЙ НАДЗОР
700 _1 a Фамилия Карасев
b Имя С.
801 _0 a Страна RU
b Организация РГУП
c Дата составления 20190610
g Правила каталогизации PSBO
801 _1 a Страна RU
b Организация РГУП
c Дата составления 20190610
g Правила каталогизации PSBO
901 t Тип документа b
w Контрольный № источника 352f5dbcb0ae4bb8ab2b9bfa4862d9de
905 a Дата ввода 20190610